ENVIRONMENTAL MANAGEMENT IN MINING AREAS (Record no. 5188)

MARC details
000 -LEADER
fixed length control field 00402nam a22001577a 4500
005 - DATE AND TIME OF LATEST TRANSACTION
control field 20160905111000.0
008 - FIXED-LENGTH DATA ELEMENTS--GENERAL INFORMATION
fixed length control field 160905b xxu||||| |||| 00| 0 eng d
020 ## - INTERNATIONAL STANDARD BOOK NUMBER
ISBN 978-81-7233-296-9
041 ## - LANGUAGE CODE
Language code of text/sound track or separate title eng
100 ## - MAIN ENTRY--AUTHOR NAME
Personal name SAXENA,NARESH CHANDRA AND OTHERS
245 ## - TITLE STATEMENT
Title ENVIRONMENTAL MANAGEMENT IN MINING AREAS
260 ## - PUBLICATION, DISTRIBUTION, ETC. (IMPRINT)
Name of publisher SCIENTIFIC
Year of publication 2013
300 ## - PHYSICAL DESCRIPTION
Number of Pages 410
650 ## - SUBJECT ADDED ENTRY--TOPICAL TERM
Topical Term MINING
942 ## - ADDED ENTRY ELEMENTS (KOHA)
Koha item type Books
Holdings
Lost status Damaged status Collection code Home library Current library Shelving location Date acquired Source of acquisition Cost, normal purchase price Full call number Accession Number Copy number Koha item type
    MINING JRU Library JRU Library SHELF-60-E 05/09/2016 Purchase 1650.00 622.4 21013 1 Books
    MINING JRU Library   SHELF-6-D 19/09/2017 Purchase 1650.00 622.4 21749   Books
    MINING JRU Library JRU Library SHELF-100-D 19/09/2017 Purchase 1650.00 622.4 22075   Books
    MINING JRU Library   SHELF-100-D 19/09/2017 Purchase 1650.00 622.4 22076   Books